000 01556cam a2200409 i 4500
001 15525
003 KOSZ 005
005 20200630122614.0
008 200419s1972 pl a f 001 0 pol
015 _aPB 1972/3172
040 _aWA N
_cWA N
_dKOSZ 005/RW
046 _k1972
080 _a621.317
100 1 _aLebson, Stefan
_d(1906-1972)
_eAutor
245 1 0 _aKompensatory prądu stałego /
_cStefan Lebson, Czesław Szczepaniak.
260 _aWarszawa :
_bWydawnictwa Naukowo-Techniczne,
_c1972.
300 _a198, [2] stron :
_bilustracje ;
_c25 cm +
_eRysunki : 37, [1] stron tablic.
336 _aTekst
_btxt
_2rdacontent
337 _aBez urządzenia pośredniczącego
_bn
_2rdamedia
338 _aWolumin
_bnc
_2rdacarrier
380 _aKsiążki
380 _aPublikacje fachowe
380 _aPublikacje dydaktyczne
388 _a1901-2000
388 _a1945-1989
504 _aBibliografia na stronach 193-[196]. Indeks.
521 8 _aKsiążka przeznaczona dla użytkowników i konserwatorów kompensatorów, również dla studentów wydziałów elektrycznych wyższych szkół technicznych.
650 7 _aPrądy stałe
650 7 _aPomiary
650 7 _aUrządzenia
650 7 _aElektrotechnika
658 _aInżynieria i technika
700 1 _aSzczepaniak, Czesław
_d(1928-2013)
_eAutor
710 2 _aWydawnictwa Naukowo-Techniczne
_4pbl
856 _uhttp://koha.tu.koszalin.pl/cgi-bin/koha/opac-detail.pl?biblionumber=15525
_yKatalog online BPK
942 _2UKD
_cKS
999 _c15525
_d15525